Military conversion : (Record no. 126055)
[ view plain ]
| 000 -LEADER | |
|---|---|
| fixed length control field | 00856nam a22002417a 4500 |
| 003 - CONTROL NUMBER IDENTIFIER | |
| control field | dpl |
| 005 - DATE AND TIME OF LATEST TRANSACTION | |
| control field | 20180530164244.0 |
| 008 - FIXED-LENGTH DATA ELEMENTS--GENERAL INFORMATION | |
| fixed length control field | 180530b xxu||||| |||| 00| 0 eng d |
| 010 ## - LIBRARY OF CONGRESS CONTROL NUMBER | |
| LC control number | B-092573 |
| 020 ## - INTERNATIONAL STANDARD BOOK NUMBER | |
| Terms of availability | 400.00 |
| International Standard Book Number | 8171416438 |
| 035 ## - SYSTEM CONTROL NUMBER | |
| System control number | B-092573, B-092574 |
| 037 ## - SOURCE OF ACQUISITION | |
| Source of stock number/acquisition | Cen Lib/Ret |
| 040 ## - CATALOGING SOURCE | |
| Original cataloging agency | DPL |
| Language of cataloging | EN |
| Transcribing agency | 0 |
| 082 ## - DEWEY DECIMAL CLASSIFICATION NUMBER | |
| Classification number | 355.0213 |
| Item number | MIL |
| 245 ## - TITLE STATEMENT | |
| Title | Military conversion : |
| Statement of responsibility, etc | edited by Digumarti Bhaskara Rao |
| Remainder of title | impact on science and technology / |
| 260 ## - PUBLICATION, DISTRIBUTION, ETC. (IMPRINT) | |
| Place of publication, distribution, etc | New Delhi |
| Name of publisher, distributor, etc | Discovery Publishing House |
| Date of publication, distribution, etc | 2003 |
| 270 ## - ADDRESS | |
| City | New Delhi |
| Address | 4831/24, Ansari Road, Prahlad Street, Daryaganj |
| Postal code | 110002 |
| 300 ## - PHYSICAL DESCRIPTION | |
| Extent | 188p. : |
| Dimensions | 22cm(Hb) |
| Other physical details | ill. |
| 650 ## - SUBJECT ADDED ENTRY--TOPICAL TERM | |
| Topical term or geographic name as entry element | Problems of military conversion |
| 9 (RLIN) | 16442 |
| 650 ## - SUBJECT ADDED ENTRY--TOPICAL TERM | |
| Topical term or geographic name as entry element | Impact of defense conversion and US response |
| 9 (RLIN) | 16443 |
| 700 ## - ADDED ENTRY--PERSONAL NAME | |
| Personal name | Rao, Digumarti Bhaskara |
| 9 (RLIN) | 4707 |
| 942 ## - ADDED ENTRY ELEMENTS (KOHA) | |
| Source of classification or shelving scheme | Dewey Decimal Classification |
| Koha item type | English Books |
| Classification part | 355.0213 |
| Call number suffix | MIL |
| Withdrawn status | Lost status | Damaged status | Not for loan | Home library | Current library | Date acquired | Source of acquisition | Cost, normal purchase price | Total Checkouts | Full call number | Barcode | Date last seen | Date checked out | Copy number | Cost, replacement price | Price effective from | Koha item type | Source of classification or shelving scheme | Collection code |
|---|---|---|---|---|---|---|---|---|---|---|---|---|---|---|---|---|---|---|---|
| Central Library | Central Library | 24/06/2015 | Cen Lib/Ret | 0.00 | 1 | 355.0213 MIL | B-092573 | 11/01/2018 | 30/12/2017 | 1 | 0.00 | 24/06/2015 | English Books | ||||||
| Shahdara Branch | Shahdara Branch | 30/05/2018 | BPPD/PUB | 0.00 | 355.0213 MIL | B-092574 | 30/05/2018 | 0.00 | 30/05/2018 | English Books | Dewey Decimal Classification | Non-fiction |
